Discours de Zelda lors de la Lune de Sang - Statistiques

Statistiques générales
  • Ce quiz a été pris 36 fois
  • Le résultat moyen est 35 sur 76
Statistiques - réponses
Jeu Paroles de Zelda durant la Lune de Sang % Correct
Dans Breath of the Wild de
97%
Dans Breath of the Wild de
97%
Dans Breath of the Wild de
97%
Dans Tears of the Kingdom de
97%
Dans Tears of the Kingdom de
97%
Dans Tears of the Kingdom de
97%
Dans Tears of the Kingdom de
97%
Dans Breath of the Wild lune
97%
Dans Tears of the Kingdom Lune...
97%
Dans Breath of the Wild sang...
97%
Dans Tears of the Kingdom sang...
97%
Dans Breath of the Wild La
93%
Dans Breath of the Wild la
93%
Dans Tears of the Kingdom la
93%
Dans Tears of the Kingdom la
93%
Dans Tears of the Kingdom la
93%
Dans Tears of the Kingdom la
93%
Dans Breath of the Wild Link...
87%
Dans Breath of the Wild Link...
87%
Dans Breath of the Wild garde...
73%
Dans Breath of the Wild garde...
73%
Dans Breath of the Wild Prend
73%
Dans Breath of the Wild Prend
73%
Dans Breath of the Wild à
70%
Dans Tears of the Kingdom à
70%
Dans Breath of the Wild nuit
70%
Dans Breath of the Wild les
67%
Dans Breath of the Wild Les
67%
Dans Tears of the Kingdom Les
67%
Dans Breath of the Wild monstres
67%
Dans Tears of the Kingdom monstres
67%
Dans Tears of the Kingdom O
57%
Dans Breath of the Wild Ganon
40%
Dans Tears of the Kingdom ces
33%
Dans Tears of the Kingdom du
33%
Dans Breath of the Wild leur
33%
Dans Breath of the Wild leur
33%
Dans Tears of the Kingdom leur
33%
Dans Tears of the Kingdom tu
33%
Dans Breath of the Wild des
30%
Dans Tears of the Kingdom des
30%
Dans Tears of the Kingdom Et
30%
Dans Breath of the Wild âmes
27%
Dans Tears of the Kingdom âmes
27%
Dans Breath of the Wild charnelle...
27%
Dans Tears of the Kingdom charnelle...
27%
Dans Tears of the Kingdom couleur
27%
Dans Breath of the Wild enveloppe
27%
Dans Tears of the Kingdom enveloppe
27%
Dans Breath of the Wild sont
23%
Dans Breath of the Wild terre...
23%
Dans Tears of the Kingdom terre...
23%
Dans Breath of the Wild pouvoirs
20%
Dans Breath of the Wild retrouvent
20%
Dans Tears of the Kingdom retrouvent
20%
Dans Breath of the Wild paroxysme...
17%
Dans Breath of the Wild qui
17%
Dans Tears of the Kingdom ta
17%
Dans Tears of the Kingdom Ils
13%
Dans Tears of the Kingdom terres...
13%
Dans Breath of the Wild alors
10%
Dans Tears of the Kingdom Astre
10%
Dans Tears of the Kingdom conquête
10%
Dans Tears of the Kingdom lors
10%
Dans Tears of the Kingdom repartent
10%
Dans Breath of the Wild sur
10%
Dans Tears of the Kingdom ainsi,
7%
Dans Tears of the Kingdom éclaires
7%
Dans Tears of the Kingdom grande
7%
Dans Tears of the Kingdom guerre
7%
Dans Tears of the Kingdom Lorsque
7%
Dans Tears of the Kingdom lumière
7%
Dans Tears of the Kingdom teinté
7%
Dans Tears of the Kingdom ancestrale...
3%
Dans Tears of the Kingdom comme
3%
Dans Breath of the Wild errent
3%
Aucun quiz correspondant
Distribution des résultats
% des personnes avec chaque résultat
Percentile par nombre de réponses
Votre historique - résultats
Vous n’avez pas pris ce quiz